000 00202nam a22000977a 4500
082 _a005.3 MUE'I
245 _aILLUSTRATED CLIPPER 5.0
260 _aNEW DELHI
_bBPB
_c1991
300 _a495P
942 _cBK
999 _c571596
_d571596